Library Banner

Ebad ur Rehman = عباد الرحمٰن / (Record no. 128252)

MARC details
000 -LEADER
fixed length control field 00467nam a22001457a 4500
005 - DATE AND TIME OF LATEST TRANSACTION
control field 20220908110247.0
008 - FIXED-LENGTH DATA ELEMENTS--GENERAL INFORMATION
fixed length control field 220908b ||||| |||| 00| 0 eng d
040 ## - CATALOGING SOURCE
Transcribing agency PK-LaUMT
082 ## - DEWEY DECIMAL CLASSIFICATION NUMBER
Classification number APC 297.4092
Item number MAG-E
100 ## - MAIN ENTRY--PERSONAL NAME
Personal name Maghfoor ul Qadiri = مغفور الرحمٰن
245 ## - TITLE STATEMENT
Title Ebad ur Rehman = عباد الرحمٰن /
Statement of responsibility, etc by Maghfoor ul Qadiri = مغفور الرحمن
260 ## - PUBLICATION, DISTRIBUTION, ETC. (IMPRINT)
Place of publication, distribution, etc Lahore :
Name of publisher, distributor, etc Syed Muhammad Farooq,
Date of publication, distribution, etc 1969
300 ## - PHYSICAL DESCRIPTION
Extent 124 p.
942 ## - ADDED ENTRY ELEMENTS (KOHA)
Koha item type Books
Holdings
Withdrawn status Lost status Damaged status Home library Current library Date acquired Full call number Barcode Date last seen Price effective from Koha item type
      UMT Main Campus UMT Main Campus 2022-09-08 APC 297.4092 MAG-E 143725 2022-09-08 2022-09-08 Books